| 000 | 00997nam a22003377a 4500 | ||
|---|---|---|---|
| 001 | BR0809173 | ||
| 003 | BR-BrBNA | ||
| 005 | 20230928102824.0 | ||
| 007 | ta | ||
| 008 | 230509b bl.||||| |||| 00| 0 por d | ||
| 040 |
_aBR-BrBNA _bpor _cBiblioteca Nacional de Agricultura |
||
| 041 | _a(Por) | ||
| 072 |
_aE70; E71 _b9410 _b9400 |
||
| 090 | _ 9410 BR0809173 | ||
| 100 | 1 | _aWilkinson, J. | |
| 245 | 1 |
_aEstudo da competitividade da indústria brasileira; competitividade da indústria de laticínios _bNota técnica setorial do complexo agroindustrial |
|
| 260 | 3 |
_aCampinas, SP (Brasil): _c1993. |
|
| 300 | _a75 p. | ||
| 500 | _a30 ref.; 22 tables | ||
| 650 | _aLEITE | ||
| 650 | _aPRODUTO DERIVADO DO LEITE | ||
| 650 | _aMODERNIZAÇÃO | ||
| 650 | _aPOLÍTICAS PÚBLICAS | ||
| 650 | _aINDÚSTRIA AGRÍCOLA | ||
| 650 | _aPREÇO | ||
| 650 | _aPRODUTIVIDADE | ||
| 650 | _aMERCADO NACIONAL | ||
| 650 | _aMERCADO MUNDIAL | ||
| 909 |
_a202309 _bLucia _c55 _dLucia Elande |
||
| 942 | _cBK | ||
| 999 |
_c72580 _d72580 |
||